000 00502nam a2200193Ia 4500
005 20240823024335.0
008 240823s9999||||xx |||||||||||||| ||und||
020 _a978-81-315-1128-2
041 _aENGLISH
082 _A629.25 P9
100 _a"Bennett,Sean"
245 0 _aTruck Engines:Fuel & Computerized Management Systems
250 _aIst
260 _c2009
_bCengage Learning
_aNew Delhi
500 _aTRANSFERED
650 _aTruck Engines
_bMechanical
942 _cBK
999 _c183690
_d183690